书目信息 |
| 题名: |
实分析与复分析
|
|
| 作者: | 鲁丁 著 ;戴牧民 译 | |
| 分册: | ||
| 出版信息: | 北京 机械工业出版社 2021.1 |
|
| 页数: | 335页 | |
| 开本: | 24cm | |
| 丛书名: | 华章数学译丛 | |
| 单 册: | ||
| 中图分类: | O174.1 , O174.5 | |
| 科图分类: | ||
| 主题词: | 实分析 , 复分析 | |
| 电子资源: | ||
| ISBN: | 978-7-111-17103-4 | |
| 000 | 01238nam2 2200361 45 | |
| 001 | 012001002918 | |
| 005 | 20141010134044.0 | |
| 010 | @a978-7-111-17103-4@dCNY79.00 | |
| 100 | @a20060118d2006 em y0chiy50 ea | |
| 101 | 1 | @achi@ceng |
| 102 | @aCN@b110000 | |
| 105 | @ay z 001yy | |
| 106 | @ar | |
| 200 | 1 | @a实分析与复分析@Ashi fen xi yu fu fen xi@dReal and complex analysis@f(美)Walter Rudin著@g戴牧民[等]译@zeng |
| 210 | @a北京@c机械工业出版社@d2021.1 | |
| 215 | @a335页@d24cm | |
| 225 | 2 | @a华章数学译丛@v14 |
| 300 | @a并列题名:Real and complex analysis | |
| 305 | @a据原书第3版译出 | |
| 306 | @a机械工业出版社和美国麦格劳-希尔教育(亚洲)出版公司合作出版 | |
| 330 | @a本书主要介绍了抽象积分、正博雷尔测度、希尔伯特空间的初等理论、复测度、微分、积空间上的积分等内容。 | |
| 410 | 0 | @1001002653308 |
| 461 | 0 | @12001 @a华章数学译丛 |
| 500 | 10 | @a实分析和复分析@Ashi fen xi he fu fen xi |
| 510 | 1 | @aReal and complex analysis@zeng |
| 606 | 0 | @a实分析 |
| 606 | 0 | @a复分析 |
| 690 | @aO174.1@v4 | |
| 690 | @aO174.5@v4 | |
| 701 | 0 | @c(美)@a鲁丁@Alu ding@c(Rudin, Walter@f1921~2010)@4著 |
| 702 | 0 | @a戴牧民@Adai mu min@f(1937~)@4译 |
| 801 | 2 | @aCN@bBJSDL@c20211018 |
| 905 | @b1350821-4@dO174.1@e257@f4 | |
| 实分析与复分析=Real and complex analysis/(美)Walter Rudin著/戴牧民[等]译.-北京:机械工业出版社,2021.1 |
| 335页;24cm.-(华章数学译丛;14) |
| 并列题名:Real and complex analysis |
| ISBN 978-7-111-17103-4:CNY79.00 |
| 本书主要介绍了抽象积分、正博雷尔测度、希尔伯特空间的初等理论、复测度、微分、积空间上的积分等内容。 |
| ● |
| 相关链接 |
|
|
|
|
正题名:实分析与复分析
索取号:O174.1/257
 
预约/预借
| 序号 | 登录号 | 条形码 | 馆藏地/架位号 | 状态 | 备注 |
| 1 | 1350821 | 213508211 | 第二样本阅览室/ [索取号:O174.1/257] | 在馆 | |
| 2 | 1350822 | 213508220 | 第三借阅区/ [索取号:O174.1/257] | 在馆 | |
| 3 | 1350823 | 213508239 | 第三借阅区/ [索取号:O174.1/257] | 在馆 | |
| 4 | 1350824 | 213508248 | 第三借阅区/ [索取号:O174.1/257] | 在馆 |